[Event "RUS Cup tt (Women)"]
[Site "Sochi"]
[Date "2023.12.03"]
[Round "7.7"]
[White "Ivanova Skripova, Tatiana"]
[Black "Budaeva, Kseniya"]
[Result "1-0"]
[WhiteElo "2126"]
[BlackElo "1267"]
[PlyCount "55"]
[EventDate "2023.11.27"]
[EventType "team-tourn"]
[EventRounds "7"]
[EventCountry "RUS"]
[SourceTitle "CB49_2023"]
[SourceDate "2023.12.06"]
[SourceVersion "1"]
[SourceVersionDate "2023.12.06"]
[SourceQuality "1"]
[WhiteTeam "Rossia Veterany (W)"]
[BlackTeam "Altay Region Kaissa (W)"]
[WhiteTeamCountry "RUS"]
[BlackTeamCountry "RUS"]

1. d4 d5 2. Nf3 Nf6 3. Bf4 e6 4. e3 c5 5. c3 Nc6 6. Nbd2 Be7 7. Ne5 Qb6 8. Rb1 h6 9. Bd3 c4 10. Bc2 Bd7 11. 0-0 0-0 12. b3 Qa5 13. bxc4 b6 14. Nxd7 Nxd7 15. cxd5 exd5 16. c4 Nf6 17. cxd5 Nxd5 18. Nc4 Qc3 19. Rc1 Qb4 20. Qd3 Nf6 21. Rb1 Rac8 22. a3 Qxb1 23. Bxb1 Rfd8 24. Ne5 Nxe5 25. Bxe5 g6 26. Ba2 Nd7 27. Qxg6+ Kf8 28. Qxf7# 1-0

[Event "Wch Seniors 50 (Women) 26th"]
[Site "Marianske Lazne"]
[Date "2016.11.30"]
[Round "11"]
[White "Ivanova Skripova, Tatiana"]
[Black "Beltz, Martina"]
[Result "1-0"]
[WhiteElo "2108"]
[BlackElo "2066"]
[PlyCount "57"]
[EventDate "2016.11.19"]
[EventType "swiss"]
[EventRounds "11"]
[EventCountry "CZE"]
[SourceTitle "CBM 175 Extra"]
[Source "ChessBase"]
[SourceDate "2016.12.12"]
[SourceVersion "1"]
[SourceVersionDate "2016.12.12"]
[SourceQuality "1"]

1. d4 d5 2. Bf4 Bf5 3. e3 Nf6 4. Nd2 e6 5. Ngf3 Be7 6. Ne5 c6 7. g4 Be4 8. f3 Bg6 9. h4 h6 10. Nxg6 fxg6 11. Bd3 Kf7 12. c3 Bd6 13. Qc2 Bxf4 14. Bxg6+ Ke7 15. exf4 Qd6 16. f5 Qg3+ 17. Kd1 Nbd7 18. Re1 e5 19. dxe5 Nxg4 20. fxg4 Qxg4+ 21. Kc1 Qg3 22. Qd1 Nc5 23. f6+ Ke6 24. Rg1 Qxh4 25. fxg7 Rhg8 26. Qf3 Rxg7 27. Bf5+ Kf7 28. Bh7+ Ke6 29. Qf5+ 1-0

[Event "Wch Seniors 50 (Women) 26th"]
[Site "Marianske Lazne"]
[Date "2016.11.28"]
[Round "9"]
[White "Berend, Elvira S"]
[Black "Ivanova Skripova, Tatiana"]
[Result "1-0"]
[WhiteElo "2349"]
[BlackElo "2108"]
[PlyCount "119"]
[EventDate "2016.11.19"]
[EventType "swiss"]
[EventRounds "11"]
[EventCountry "CZE"]
[SourceTitle "CBM 175 Extra"]
[Source "ChessBase"]
[SourceDate "2016.12.12"]
[SourceVersion "1"]
[SourceVersionDate "2016.12.12"]
[SourceQuality "1"]

1. d4 Nf6 2. c4 e6 3. g3 Bb4+ 4. Bd2 Qe7 5. Nf3 0-0 6. Nc3 Bxc3 7. Bxc3 Ne4 8. Rc1 Nxc3 9. Rxc3 Nc6 10. Bg2 d6 11. d5 Nd8 12. dxe6 Nxe6 13. 0-0 Qf6 14. Qd2 h6 15. Rd1 Re8 16. Ra3 Bd7 17. b4 a6 18. Re3 Bc6 19. h4 Rad8 20. Ne1 Bxg2 21. Nxg2 Re7 22. Rf3 Qg6 23. Ne3 Red7 24. Nf5 Kh7 25. e4 Qg4 26. Qe3 g5 27. Kf1 Ng7 28. Nxg7 Kxg7 29. hxg5 hxg5 30. Qc3+ Kg8 31. Kg2 Qxe4 32. Rd5 f5 33. Rdxf5 Rg7 34. Qf6 Rdd7 35. Rxg5 Rxg5 36. Qxg5+ Rg7 37. Qd5+ Qxd5 38. cxd5 c5 39. dxc6 bxc6 40. Ra3 Ra7 41. Ra5 d5 42. Rc5 d4 43. Rxc6 Rd7 44. Kf1 d3 45. Ke1 Re7+ 46. Kd2 Re2+ 47. Kxd3 Rxa2 48. Ke3 Ra3+ 49. Ke4 Ra4 50. Kf5 Kg7 51. f4 Rxb4 52. Rxa6 Rb5+ 53. Kg4 Rc5 54. Kh4 Rf5 55. Kg4 Rc5 56. f5 Rc3 57. Kf4 Rc7 58. Kg5 Rb7 59. g4 Rc7 60. Kh5 1-0

[Event "Wch Seniors 50 (Women) 26th"]
[Site "Marianske Lazne"]
[Date "2016.11.27"]
[Round "8"]
[White "Mira, Helene"]
[Black "Ivanova Skripova, Tatiana"]
[Result "0-1"]
[WhiteElo "2047"]
[BlackElo "2108"]
[PlyCount "122"]
[EventDate "2016.11.19"]
[EventType "swiss"]
[EventRounds "11"]
[EventCountry "CZE"]
[SourceTitle "CBM 175 Extra"]
[Source "ChessBase"]
[SourceDate "2016.12.12"]
[SourceVersion "1"]
[SourceVersionDate "2016.12.12"]
[SourceQuality "1"]

1. Nf3 Nf6 2. c4 e6 3. g3 d5 4. Bg2 Be7 5. 0-0 0-0 6. b3 c5 7. cxd5 exd5 8. d4 Nc6 9. dxc5 Bxc5 10. Ba3 Qe7 11. Bxc5 Qxc5 12. a3 Bf5 13. b4 Qe7 14. Nc3 Rfd8 15. Nd4 Nxd4 16. Qxd4 Be4 17. Bh3 h5 18. Rfd1 Bc2 19. Rd2 Bb3 20. Rb2 Bc4 21. a4 b6 22. f3 Ba6 23. Rd1 Bc8 24. Bxc8 Raxc8 25. Rbd2 Rc4 26. Qxc4 dxc4 27. Rxd8+ Kh7 28. Kf1 Qxb4 29. Nd5 Qxa4 30. Nxf6+ gxf6 31. R1d5 f5 32. Rxf5 Kg6 33. e4 c3 34. Kg2 c2 35. Rg8+ Kh7 36. Rc8 Qb3 37. Kh3 Kg7 38. f4 Qd3 39. Rg5+ Kf6 40. Rf5+ Ke6 41. Re8+ Kd7 42. Rf8 Qf1+ 43. Kh4 c1Q 44. R5xf7+ Kc6 45. Rc8+ Kb5 46. Rxc1 Qxc1 47. Rxa7 Qc2 48. Kxh5 Qxe4 49. Kh4 Kc6 50. Kg5 b5 51. Rg7 b4 52. f5 b3 53. Rg6+ Kb5 54. Re6 Qd5 55. Re8 Qd2+ 56. Kg6 Qxh2 57. Rb8+ Kc4 58. Rxb3 Kxb3 59. g4 Kc4 60. f6 Kd5 61. f7 Qh8 0-1

[Event "Wch Seniors 50 (Women) 26th"]
[Site "Marianske Lazne"]
[Date "2016.11.22"]
[Round "4"]
[White "Richtrova, Eliska"]
[Black "Ivanova Skripova, Tatiana"]
[Result "1-0"]
[WhiteElo "2188"]
[BlackElo "2108"]
[PlyCount "75"]
[EventDate "2016.11.19"]
[EventType "swiss"]
[EventRounds "11"]
[EventCountry "CZE"]
[SourceTitle "CBM 175 Extra"]
[Source "ChessBase"]
[SourceDate "2016.12.12"]
[SourceVersion "1"]
[SourceVersionDate "2016.12.12"]
[SourceQuality "1"]

1. Nf3 d5 2. g3 Nf6 3. Bg2 Bf5 4. c4 e6 5. 0-0 Be7 6. b3 0-0 7. Bb2 c5 8. cxd5 exd5 9. d4 Nc6 10. dxc5 Ne4 11. Nc3 Nxc3 12. Bxc3 Bxc5 13. Nd4 Bg6 14. Nxc6 bxc6 15. b4 Be7 16. Rc1 Bf6 17. Qa4 d4 18. Bd2 Bh5 19. Rfe1 Bg5 20. Bxg5 Qxg5 21. Qxc6 Rad8 22. Qc5 f5 23. Rcd1 Qf6 24. Bd5+ Bf7 25. Bxf7+ Rxf7 26. Rd3 g5 27. Red1 Rfd7 28. e3 Kf7 29. Rxd4 Rxd4 30. Rxd4 Rxd4 31. Qxa7+ Ke6 32. Qxd4 Qe7 33. e4 f4 34. Qc5 Qe8 35. Qd5+ Kf6 36. Qf5+ Kg7 37. Qxg5+ Kh8 38. Qxf4 1-0

[Event "EU-ch Seniors 50 16th"]
[Site "Yerevan"]
[Date "2016.06.06"]
[Round "2"]
[White "Chanturia, Tamar"]
[Black "Ivanova Skripova, Tatiana"]
[Result "0-1"]
[WhiteElo "1626"]
[BlackElo "2119"]
[PlyCount "106"]
[EventDate "2016.06.05"]
[EventType "swiss"]
[EventRounds "9"]
[EventCountry "ARM"]
[SourceTitle "CBM 172 Extra"]
[Source "ChessBase"]
[SourceDate "2016.06.21"]
[SourceVersion "1"]
[SourceVersionDate "2016.06.21"]
[SourceQuality "1"]

1. Nf3 Nf6 2. b3 d5 3. e3 Bg4 4. Bb2 Nbd7 5. d4 e6 6. Bd3 Ne4 7. h3 Bh5 8. 0-0 Bd6 9. c4 c6 10. Nc3 Bxf3 11. Qxf3 Nd2 12. Qg4 Nxf1 13. Qxg7 Qf6 14. Qxf6 Nxf6 15. Kxf1 0-0-0 16. cxd5 exd5 17. Rc1 Kb8 18. Na4 Rhe8 19. Nc5 Ne4 20. Rc2 f5 21. Bc1 Re7 22. b4 Rg8 23. f4 Rg3 24. a3 Nxc5 25. bxc5 Bxf4 26. Bxf5 Bxe3 27. Re2 Rf7 28. Bxe3 Rxf5+ 29. Kg1 Kc8 30. Kh2 Rg7 31. Bh6 Rgf7 32. Re8+ Kd7 33. Rb8 Ke6 34. Re8+ Re7 35. Ra8 a6 36. Bf8 Ref7 37. Bd6 Rf2 38. Re8+ Kf6 39. Be5+ Kf5 40. Bg3 Ra2 41. Re3 h6 42. Be5 h5 43. h4 a5 44. Rg3 Ke4 45. Rg5 Rf5 46. Rg7 Rff2 47. Rg3 a4 48. Bg7 Rf4 49. Rg6 Rxh4+ 50. Kg1 Rg4 51. Re6+ Kd3 52. Re7 Rgxg2+ 53. Kf1 Rge2 0-1

[Event "EU-ch Seniors 50 16th"]
[Site "Yerevan"]
[Date "2016.06.05"]
[Round "1"]
[White "Ivanova Skripova, Tatiana"]
[Black "Kalegin, Evgenij"]
[Result "0-1"]
[WhiteElo "2119"]
[BlackElo "2431"]
[PlyCount "72"]
[EventDate "2016.06.05"]
[EventType "swiss"]
[EventRounds "9"]
[EventCountry "ARM"]
[SourceTitle "CBM 172 Extra"]
[Source "ChessBase"]
[SourceDate "2016.06.21"]
[SourceVersion "1"]
[SourceVersionDate "2016.06.21"]
[SourceQuality "1"]

1. d4 Nf6 2. Nf3 g6 3. Bg5 Bg7 4. e3 0-0 5. Be2 h6 6. Bh4 d6 7. Nbd2 b6 8. c4 c5 9. d5 b5 10. 0-0 bxc4 11. Bxc4 Nbd7 12. e4 Nb6 13. Bd3 Nh5 14. Rb1 Nf4 15. Nc4 Nxd3 16. Qxd3 f5 17. exf5 Bxf5 18. Qe2 g5 19. Bg3 Nxc4 20. Qxc4 Bxb1 21. Rxb1 Rb8 22. h4 Qd7 23. hxg5 hxg5 24. Re1 Qf5 25. Rxe7 Rxb2 26. Bxd6 Rc2 27. Qb3 Rc1+ 28. Kh2 Qh7+ 29. Kg3 Rxf3+ 30. Kxf3 Rc3+ 31. Qxc3 Qf5+ 32. Ke2 Bxc3 33. Re8+ Kg7 34. Re7+ Kg6 35. Bxc5 Bf6 36. Rc7 Qe5+ 0-1

[Event "EU-ch (Women) 16th"]
[Site "Chakvi"]
[Date "2015.05.29"]
[Round "10"]
[White "Ivanova Skripova, Tatiana"]
[Black "Lomaia, Diana"]
[Result "1-0"]
[WhiteElo "2121"]
[BlackElo "1449"]
[PlyCount "89"]
[EventDate "2015.05.19"]
[EventType "swiss"]
[EventRounds "11"]
[EventCountry "GEO"]
[SourceTitle "CBM 166 Extra"]
[Source "ChessBase"]
[SourceDate "2015.06.18"]
[SourceVersion "1"]
[SourceVersionDate "2015.06.18"]
[SourceQuality "1"]

1. d4 Nf6 2. Nf3 e6 3. Bg5 d5 4. e3 c5 5. Nbd2 Nc6 6. c3 Bd6 7. Bd3 0-0 8. 0-0 h6 9. Bh4 e5 10. dxe5 Nxe5 11. Nxe5 Bxe5 12. Bc2 Be6 13. h3 Rc8 14. Nf3 Bb8 15. Qd3 Re8 16. Rad1 g5 17. Bg3 Bxg3 18. fxg3 Kg7 19. Nd2 Qb6 20. Rf2 c4 21. Qe2 Qxb2 22. Ba4 Re7 23. Rxf6 Qa3 24. Rdf1 Qxa4 25. Qh5 Rh8 26. Rxh6 Rxh6 27. Qxg5+ Rg6 28. Qxe7 Qc2 29. Nf3 Qxc3 30. Nh4 Qxe3+ 31. Kh1 Qd3 32. Rf3 Qb1+ 33. Kh2 Rh6 34. g4 Qe4 35. Qg5+ Kh7 36. Nf5 Qe5+ 37. Rg3 Qf6 38. Qf4 Rg6 39. Rf3 Qg5 40. Qd4 Rf6 41. h4 Qg6 42. Ne7 Qe4 43. Qxf6 d4 44. Nf5 Kg8 45. Qg7# 1-0

[Event "EU-ch (Women) 16th"]
[Site "Chakvi"]
[Date "2015.05.22"]
[Round "4"]
[White "Kuchava, Ana"]
[Black "Ivanova Skripova, Tatiana"]
[Result "1/2-1/2"]
[WhiteElo "2135"]
[BlackElo "2121"]
[PlyCount "95"]
[EventDate "2015.05.19"]
[EventType "swiss"]
[EventRounds "11"]
[EventCountry "GEO"]
[SourceTitle "CBM 166 Extra"]
[Source "ChessBase"]
[SourceDate "2015.06.18"]
[SourceVersion "1"]
[SourceVersionDate "2015.06.18"]
[SourceQuality "1"]

1. d4 Nf6 2. Nf3 e6 3. e3 c5 4. Bd3 Nc6 5. c3 d5 6. Ne5 Nxe5 7. dxe5 Nd7 8. f4 c4 9. Bc2 Qh4+ 10. g3 Qh3 11. Nd2 b5 12. Qe2 f5 13. exf6 Nxf6 14. Nf3 Ne4 15. Bxe4 dxe4 16. Nd2 Be7 17. a4 bxa4 18. Qxc4 0-0 19. Rxa4 Bd7 20. Ra1 Rfc8 21. Qe2 Bc6 22. Ra5 Bd5 23. Qf1 Qg4 24. Qe2 Qh3 25. Kf2 Bd8 26. Ra1 Bb6 27. c4 Bc6 28. b3 e5 29. Nf1 exf4 30. gxf4 Rf8 31. Ke1 Rxf4 32. c5 Bd8 33. Ng3 Rf7 34. Bb2 Bh4 35. Rg1 Rb8 36. Ra3 Bb5 37. Qg2 Qg4 38. Kd2 Rd8+ 39. Bd4 Rxd4+ 40. exd4 e3+ 41. Kc3 Rf3 42. Ne2 Be1+ 43. Kb2 Qxg2 44. Rxg2 Bxe2 45. Rxa7 Bd3 46. Rgxg7+ Kf8 47. Rgf7+ Kg8 48. Rg7+ 1/2-1/2

[Event "St Petersburg op"]
[Site "St Petersburg"]
[Date "2008.01.19"]
[Round "6"]
[White "Ivanova Skripova, Tatiana"]
[Black "Dommes, Vladimir M"]
[Result "0-1"]
[WhiteElo "2179"]
[BlackElo "2252"]
[PlyCount "80"]
[EventDate "2008.01.14"]
[EventType "swiss"]
[EventRounds "9"]
[EventCountry "RUS"]
[SourceTitle "EXT 2009"]
[Source "ChessBase"]
[SourceDate "2008.11.26"]
[SourceVersion "1"]
[SourceVersionDate "2008.11.26"]
[SourceQuality "1"]

1. d4 Nf6 2. Nf3 g6 3. e3 Bg7 4. c4 c5 5. Nc3 0-0 6. Be2 cxd4 7. exd4 d5 8. 0-0 Nc6 9. Bf4 Bg4 10. c5 Ne4 11. Nxe4 dxe4 12. Ng5 Bxe2 13. Qxe2 Qxd4 14. Qxe4 Qxc5 15. Rac1 Qa5 16. Be3 Qxa2 17. b4 h6 18. Nf3 a6 19. Qh4 h5 20. Bc5 Bf6 21. Qf4 Qd5 22. Rcd1 Qf5 23. Qc7 Rab8 24. Rfe1 Qc8 25. Qf4 b6 26. Be3 Qg4 27. Qh6 Bg7 28. Qg5 Qxg5 29. Bxg5 Rfd8 30. Rc1 Rbc8 31. g3 Bf8 32. Rc4 b5 33. Rh4 f6 34. Be3 e5 35. Ra1 Nxb4 36. g4 Nc2 37. Rxa6 e4 38. Rxf6 exf3 39. Rxf3 Rc4 40. Bg5 Rd1+ 0-1

[Event "EU-ch (Women) 6th"]
[Site "Kishinev"]
[Date "2005.06.20"]
[Round "9"]
[White "Fakhiridou, Ekaterini"]
[Black "Ivanova Skripova, Tatiana"]
[Result "1-0"]
[WhiteElo "2247"]
[BlackElo "2205"]
[PlyCount "152"]
[EventDate "2005.06.11"]
[EventType "swiss"]
[EventRounds "12"]
[EventCountry "MDA"]
[SourceTitle "CBM 106 Extra"]
[Source "ChessBase"]
[SourceDate "2005.07.01"]
[SourceVersion "1"]
[SourceVersionDate "2005.07.01"]
[SourceQuality "1"]

1. e4 c6 2. d4 d6 3. Be3 Nf6 4. Bd3 e5 5. h3 Qb6 6. Nf3 Qxb2 7. Nbd2 Nbd7 8. 0-0 b5 9. a4 bxa4 10. Nc4 Qb8 11. dxe5 dxe5 12. Rxa4 Be7 13. Qa1 0-0 14. Nfxe5 Nxe5 15. Qxe5 Be6 16. Qc3 Nd7 17. Bd4 f6 18. Na5 c5 19. Be3 Qc7 20. Bc4 Bxc4 21. Nxc4 Nb6 22. Ra2 Rfd8 23. Rfa1 Nc8 24. Ra6 Rb8 25. g3 Rb4 26. Kh2 Qb7 27. Nd2 Qb5 28. e5 Qe2 29. exf6 Bxf6 30. Rxf6 gxf6 31. Qxf6 Re8 32. Qg5+ Kh8 33. Ra5 Rb6 34. Rxc5 Rg6 35. Qf4 Nd6 36. Re5 Kg8 37. Rxe8+ Nxe8 38. Qe5 Nd6 39. c4 Qd3 40. c5 Qf5 41. Qe7 Nc8 42. Qe8+ Qf8 43. Qb5 a6 44. Qb3+ Qf7 45. Qb8 Qe8 46. Nf3 Nd6 47. Qb4 Nf5 48. Bf4 Qb5 49. Qa3 Qe2 50. Kg2 Qe4 51. Qb3+ Re6 52. Be5 Kf7 53. Kg1 h6 54. Kg2 Ne7 55. Bf4 Nd5 56. Be5 Rxe5 57. Qd3 Qxd3 58. Nxe5+ Ke6 59. Nxd3 a5 60. Kf3 a4 61. Nc1 a3 62. Na2 Ke5 63. g4 Nf6 64. h4 Kd5 65. c6 Ne8 66. g5 hxg5 67. hxg5 Kc5 68. Ke4 Kxc6 69. Ke5 Kd7 70. f4 Ke7 71. f5 Kd7 72. f6 Nc7 73. Kf5 Ke8 74. g6 Kf8 75. Kg5 Ne6+ 76. Kh6 Kg8 1-0

[Event "EU-ch (Women) 6th"]
[Site "Kishinev"]
[Date "2005.06.17"]
[Round "7"]
[White "Ivanova Skripova, Tatiana"]
[Black "Makropoulou, Marina"]
[Result "1-0"]
[WhiteElo "2205"]
[BlackElo "2285"]
[PlyCount "83"]
[EventDate "2005.06.11"]
[EventType "swiss"]
[EventRounds "12"]
[EventCountry "MDA"]
[SourceTitle "CBM 106 Extra"]
[Source "ChessBase"]
[SourceDate "2005.07.01"]
[SourceVersion "1"]
[SourceVersionDate "2005.07.01"]
[SourceQuality "1"]

1. d4 g6 2. Nf3 Bg7 3. Bf4 Nf6 4. e3 0-0 5. Be2 d6 6. 0-0 h6 7. h3 c5 8. c3 b6 9. Nbd2 Bb7 10. a4 Nbd7 11. Qb3 Kh7 12. a5 e5 13. Bh2 Qe7 14. dxe5 dxe5 15. axb6 axb6 16. Rxa8 Rxa8 17. Bc4 e4 18. Ne1 Bc6 19. Nc2 Ba4 20. Qa2 Bc6 21. Qb3 Ba4 22. Qa2 Qd8 23. Qb1 Ne5 24. Bxe5 Qxd2 25. b3 Qd7 26. bxa4 Qxa4 27. Bxf7 Qd7 28. Bc4 Qe7 29. Bh2 Nd7 30. Qb3 Be5 31. Bxe5 Nxe5 32. Bd5 Rb8 33. Bxe4 Nf7 34. Bd5 Ng5 35. c4 Qf6 36. h4 Nf7 37. Qa4 Rf8 38. Qd7 Kh8 39. f4 h5 40. Ne1 Ne5 41. Qe6 Ng4 42. Qxf6+ 1-0

[Event "RUS-chT1 (Women)"]
[Site "Sochi"]
[Date "2004.04.25"]
[Round "6.2"]
[White "Ivanova Skripova, Tatiana"]
[Black "Sterliagova, Tatiana"]
[Result "1/2-1/2"]
[WhiteElo "2198"]
[BlackElo "2296"]
[PlyCount "66"]
[EventDate "2004.04.20"]
[EventType "team-tourn"]
[EventRounds "9"]
[EventCountry "RUS"]
[SourceTitle "CBM 100 Extra"]
[Source "ChessBase"]
[SourceDate "2004.07.06"]
[SourceVersion "2"]
[SourceVersionDate "2004.07.06"]
[SourceQuality "1"]
[WhiteTeam "03"]
[BlackTeam "07"]
[WhiteTeamCountry "RUS"]
[BlackTeamCountry "RUS"]

1. d4 Nf6 2. Nf3 c5 3. Bg5 Ne4 4. Bf4 d5 5. e3 Nc6 6. Nbd2 Bg4 7. Be2 Nxd2 8. Qxd2 e6 9. 0-0 Qb6 10. Rfd1 Be7 11. c4 Rd8 12. cxd5 Rxd5 13. e4 Rd8 14. d5 Bxf3 15. Bxf3 Nd4 16. Qc3 0-0 17. Be5 exd5 18. exd5 Bf6 19. Bxd4 Bxd4 20. Qc2 Qf6 21. Rab1 Rfe8 22. b3 Qf4 23. Qd2 Qf6 24. Re1 Be5 25. Qd3 g6 26. g3 Bd4 27. Rxe8+ Rxe8 28. Kg2 Re5 29. Rf1 Qd6 30. Qb5 Re7 31. Qd3 Kg7 32. Qd1 b6 33. Re1 Rxe1 1/2-1/2

[Event "RUS-Cup 300 years (Women)"]
[Site "St Petersburg"]
[Date "2003.10.23"]
[Round "6"]
[White "Ivanova Skripova, Tatiana"]
[Black "Zaitseva, Ludmila G"]
[Result "0-1"]
[WhiteElo "2159"]
[BlackElo "2335"]
[PlyCount "76"]
[EventDate "2003.10.18"]
[EventType "swiss"]
[EventRounds "9"]
[EventCountry "RUS"]
[SourceTitle "EXT 2004"]
[Source "ChessBase"]
[SourceDate "2003.11.25"]
[SourceVersion "1"]
[SourceVersionDate "2003.11.25"]
[SourceQuality "1"]

1. d4 e6 2. Nf3 d5 3. g3 Bd6 4. Bg2 f5 5. 0-0 Nf6 6. c4 c6 7. Nc3 0-0 8. Qc2 Ne4 9. Rb1 Nd7 10. c5 Bc7 11. Bf4 Bxf4 12. gxf4 Ndf6 13. b4 Nxc3 14. Qxc3 Bd7 15. a4 a6 16. Ne5 Be8 17. f3 Nh5 18. Qd2 Rc8 19. Rf2 Rc7 20. Bf1 g6 21. e3 Rg7 22. Rg2 h6 23. b5 axb5 24. axb5 cxb5 25. Bxb5 Bxb5 26. Rxb5 Kh7 27. Rb6 Qe7 28. Rd6 Ra8 29. Qb2 Qe8 30. Rc2 Ra4 31. Kf2 Nf6 32. c6 bxc6 33. Nxc6 g5 34. Ke2 gxf4 35. exf4 Nh5 36. Ke3 Qg6 37. Rf2 Qg1 38. Rxe6 Ra1 0-1

[Event "RUS-Cup 300 years (Women)"]
[Site "St Petersburg"]
[Date "2003.10.21"]
[Round "4"]
[White "Ivanova Skripova, Tatiana"]
[Black "Dushenok, Anna"]
[Result "1-0"]
[WhiteElo "2159"]
[BlackElo "2190"]
[PlyCount "49"]
[EventDate "2003.10.18"]
[EventType "swiss"]
[EventRounds "9"]
[EventCountry "RUS"]
[SourceTitle "EXT 2004"]
[Source "ChessBase"]
[SourceDate "2003.11.25"]
[SourceVersion "1"]
[SourceVersionDate "2003.11.25"]
[SourceQuality "1"]

1. d4 Nf6 2. Nf3 g6 3. Bg5 Bg7 4. Nbd2 d6 5. e4 c5 6. c3 h6 7. Bh4 g5 8. Bg3 Nh5 9. Bc4 g4 10. Nh4 cxd4 11. 0-0 Qb6 12. Nf5 Bxf5 13. exf5 Nxg3 14. hxg3 h5 15. Ne4 dxc3 16. bxc3 Nd7 17. Rb1 Qc7 18. Qd5 Ne5 19. Rxb7 Qc8 20. Rxe7+ Kxe7 21. Qxd6+ Ke8 22. Bb5+ Nd7 23. Nc5 Kd8 24. Bxd7 Qc7 25. Nb7+ 1-0

[Event "St Petersburg op (Women)"]
[Site "St Petersburg"]
[Date "2000.04.10"]
[Round "4"]
[White "Hlgatian, Goar"]
[Black "Ivanova Skripova, Tatiana"]
[Result "1-0"]
[WhiteElo "2215"]
[BlackElo "2143"]
[PlyCount "81"]
[EventDate "2000.04.07"]
[EventType "swiss"]
[EventRounds "9"]
[EventCountry "RUS"]
[SourceTitle "CBM 075 Extra"]
[Source "ChessBase"]
[SourceDate "2000.05.11"]
[SourceVersion "2"]
[SourceVersionDate "2000.05.11"]
[SourceQuality "1"]

1. e4 d5 2. exd5 Nf6 3. d4 Nxd5 4. c4 Nb6 5. Nc3 g6 6. Nf3 Bg7 7. h3 0-0 8. Be3 Nc6 9. Be2 e5 10. d5 Ne7 11. g4 f5 12. Ng5 h6 13. Ne6 Bxe6 14. dxe6 Qd6 15. Qxd6 cxd6 16. Rd1 Rfd8 17. Nb5 d5 18. Bc5 Bf6 19. Nc7 Rac8 20. Bxb6 axb6 21. Nxd5 Nxd5 22. cxd5 Rd6 23. gxf5 gxf5 24. a4 Kf8 25. b3 Rc3 26. Bc4 Ke7 27. Rg1 Rxh3 28. Rg8 e4 29. Rb8 Rh1+ 30. Ke2 Rxd1 31. Kxd1 Bg5 32. Rxb7+ Kd8 33. Ke2 f4 34. b4 f3+ 35. Kf1 Be7 36. a5 bxa5 37. bxa5 Ke8 38. a6 Rd8 39. a7 Bd6 40. Bb5+ Kf8 41. e7+ 1-0

[Event "St Petersburg Rudenko Memorial (Women)"]
[Site "St Petersburg"]
[Date "1996.??.??"]
[Round "3"]
[White "Ivanova Skripova, Tatiana"]
[Black "Roschina, Tatiana"]
[Result "1/2-1/2"]
[WhiteElo "2095"]
[BlackElo "2315"]
[PlyCount "97"]
[EventDate "1996.??.??"]
[EventType "swiss"]
[EventRounds "9"]
[EventCountry "RUS"]
[SourceTitle "EXT 2000"]
[Source "ChessBase"]
[SourceDate "1999.11.16"]
[SourceVersion "1"]
[SourceVersionDate "1999.11.16"]
[SourceQuality "1"]

1. d4 d5 2. Nf3 c5 3. e3 e6 4. b3 g6 5. Bd3 Bg7 6. 0-0 Nc6 7. Bb2 Nge7 8. Nbd2 0-0 9. Ne5 Qa5 10. Ndf3 Nb4 11. Be2 f6 12. Nd3 Nxd3 13. Bxd3 Bd7 14. Re1 Rfd8 15. Qc1 Kf7 16. c4 Rac8 17. dxc5 Qxc5 18. Bd4 Qa5 19. Bc3 Qc7 20. Qb2 e5 21. Be2 b5 22. Qa3 Re8 23. Ba5 Qb7 24. Rac1 Bf8 25. Bb4 a5 26. Bxe7 Bxe7 27. Qxa5 bxc4 28. Red1 Be6 29. bxc4 dxc4 30. Rb1 Qa8 31. Qc3 Qxa2 32. Nd2 Qa6 33. Rdc1 Rc5 34. Nxc4 Qc8 35. Rb2 Rd8 36. Rbc2 Bf5 37. Rd2 Rxd2 38. Qxd2 Be6 39. Qc2 Kf8 40. h3 Qc7 41. Bd3 e4 42. Be2 Qc6 43. Qc3 Qc8 44. Qd4 Qc6 45. Bf1 Kg7 46. Na5 Qd5 47. Rxc5 Bxc5 48. Qxd5 Bxd5 49. Bc4 1/2-1/2